000 00852nam a22002777a 4500
003 CHAP
005 20220329134036.0
008 971013s r 00010 d
010 _a14535
011 _a15507
035 _a19583
040 _cCHAP
090 _aR-2453
100 0 0 _aGoodwin, James T.
_949597
245 _aImmature stages of some Westen nearctic and
_c/ or neotropical tabanidae (Diptera)
500 _aSobretiro de: The Florida Entomologist 69(4):710-715, 1986
590 _aBATCH-UPD
_b10
_c20130110
_lUCH01
_h1801
590 _aBATCH-UPD
_b10
_c20130410
_lUCH01
_h1137
590 _aBATCH-UPD
_b10
_c20130914
_lUCH01
_h1218
590 _aCONVERSION
_b10
_c20130109
_lUCH01
_h1309
650 1 4 _aDípteros.
_933715
650 1 4 _aTábano.
_9113484
901 _aBK
942 _cREIMP
949 _aR-2453
_bBC
_cR
_d-45728
_eTS1
_i19583
_si
999 _c14535
_d14535